000 00303nam a2200109Ia 4500
008 220204s9999 xx 000 0 und d
082 _a004
_bKHU
100 _aKhushwant Singh
245 0 _aKhushwant Singh's India: A mirror for its monsters and monstrosities
260 _aBombay
_bIBH
_c1976
942 _cBK
999 _c29122
_d29122